000 02092nam a2200373 a 4500
001 ebr10364035
003 CaPaEBR
006 m u
007 cr cn|||||||||
008 090120s2009 enk sb 001 0 eng
010 _z 2009001099
015 _aGBA949632
_2bnb
016 7 _z015261406
_2Uk
020 _z9780826464361 (HB )
020 _z082646436X (HB)
040 _aCaPaEBR
_cCaPaEBR
035 _a(OCoLC)647872952
050 1 4 _aB244.T73
_bL83 2009eb
082 0 4 _a182/.2
_222
100 1 _aLuchte, James.
245 1 0 _aPythagoras and the doctrine of transmigration
_h[electronic resource] :
_bwandering souls /
_cJames Luchte.
260 _aLondon ;
_aNew York :
_bContinuum,
_cc2009.
300 _a206 p.
490 1 _aContinuum studies in ancient philosophy
504 _aIncludes bibliographical references and index.
505 0 _aIntroduction : the poetic topos of the doctrine of transmigration -- Genealogy of the doctrine of transmigration -- Beyond mysticism and science : symbolism and philosophical magic -- The emergence of mystic cults and the immortal soul -- Philolaus and the question of pythagorean harmony -- The alleged critique of Pythagoras by Parmenides -- Between the earth and the sky : on the pythagorean divine -- The pythagorean bios and the doctrine of transmigration -- The path of the event -- The path of remembrance or return -- The platonic rupture : writing and difference -- Plotinus : the ascent of the soul toward the one -- Plotinus as neoplatonic mystic : letter to Flaccus -- Epilogue : the fate of the doctrine of transmigration.
533 _aElectronic reproduction.
_bPalo Alto, Calif. :
_cebrary,
_d2013.
_nAvailable via World Wide Web.
_nAccess may be limited to ebrary affiliated libraries.
600 0 0 _aPythagoras.
650 0 _aTransmigration.
655 7 _aElectronic books.
_2local
710 2 _aebrary, Inc.
830 0 _aContinuum studies in ancient philosophy.
856 4 0 _uhttp://site.ebrary.com/lib/rucke/Doc?id=10364035
_zAn electronic book accessible through the World Wide Web; click to view
999 _c111232
_d111232